000 00202 a2200097 4500
020 _a9780399247675
041 _aeng
100 _aSusan Middleton Elya
245 _aLittle Roja Riding Hood
942 _cBK
999 _c14469
_d14469